বাংলাদেশ সচিবালয়, টেলিফোন নির্দেশিকা। (Record no. 2493)
[ view plain ]
| 000 -LEADER | |
|---|---|
| fixed length control field | 00662nam a2200145Ia 4500 |
| 008 - FIXED-LENGTH DATA ELEMENTS--GENERAL INFORMATION | |
| fixed length control field | 151213s9999 xx 000 0 und d |
| 100 ## - MAIN ENTRY--PERSONAL NAME | |
| Personal name | সংস্থাপন মন্ত্রণালয়। |
| 245 ## - TITLE STATEMENT | |
| Title | বাংলাদেশ সচিবালয়, টেলিফোন নির্দেশিকা। |
| Statement of responsibility, etc. | সংস্থাপন মন্ত্রণালয়। |
| 260 ## - PUBLICATION, DISTRIBUTION, ETC. (IMPRINT) | |
| Place of publication, distribution, etc. | ঢাকা |
| Name of publisher, distributor, etc. | সংসস্থাপন মন্ত্রণালয়। |
| Date of publication, distribution, etc. | 1996 |
| 300 ## - PHYSICAL DESCRIPTION | |
| Extent | 3781 p. |
| 650 ## - SUBJECT ADDED ENTRY--TOPICAL TERM | |
| Topical term or geographic name as entry element | Bangla |
| 650 ## - SUBJECT ADDED ENTRY--TOPICAL TERM | |
| Topical term or geographic name as entry element | রেফারেন্স |
| 700 ## - ADDED ENTRY--PERSONAL NAME | |
| Personal name | সংস্থাপন মন্ত্রণালয়। |
No items available.
